[Event "EU-ch U16 Girls"]
[Site "Bratislava"]
[Date "2019.08.10"]
[Round "9"]
[White "Davidson, Laura"]
[Black "Machovcakova, Eliska"]
[Result "1/2-1/2"]
[WhiteElo "1616"]
[BlackElo "1638"]
[PlyCount "35"]
[EventDate "2019.08.02"]
[EventType "swiss"]
[EventRounds "9"]
[EventCountry "SVK"]
[SourceTitle "CBM 191 Extra"]
[Source "ChessBase"]
[SourceDate "2019.09.30"]
[SourceVersion "1"]
[SourceVersionDate "2019.09.30"]
[SourceQuality "1"]

1. e4 c6 2. d4 d5 3. exd5 Qxd5 4. Nc3 Qa5 5. Nf3 Nf6 6. Bc4 Bf5 7. Bd2 Qc7 8. 0-0 e6 9. h3 Be7 10. Re1 0-0 11. Nh4 Bg6 12. Nxg6 hxg6 13. Qe2 Nd5 14. Nxd5 cxd5 15. Bxd5 Bf6 16. Bf3 Bxd4 17. Qe4 Nc6 18. c3 1/2-1/2

[Event "EU-ch U16 Girls"]
[Site "Bratislava"]
[Date "2019.08.07"]
[Round "6"]
[White "Machovcakova, Eliska"]
[Black "Bojovic, Neda"]
[Result "1/2-1/2"]
[WhiteElo "1638"]
[BlackElo "1318"]
[PlyCount "45"]
[EventDate "2019.08.02"]
[EventType "swiss"]
[EventRounds "9"]
[EventCountry "SVK"]
[SourceTitle "CBM 191 Extra"]
[Source "ChessBase"]
[SourceDate "2019.09.30"]
[SourceVersion "1"]
[SourceVersionDate "2019.09.30"]
[SourceQuality "1"]

1. e4 c5 2. Nf3 Nc6 3. d4 cxd4 4. Nxd4 g6 5. Nxc6 bxc6 6. Qd4 Nf6 7. e5 Nd5 8. e6 f6 9. exd7+ Qxd7 10. c4 Qe6+ 11. Be2 Ba6 12. Qd2 Bxc4 13. Kf1 Nb6 14. Qe3 Bxe2+ 15. Kxe2 Qc4+ 16. Qd3 Qxd3+ 17. Kxd3 Rd8+ 18. Ke2 e5 19. Nc3 Bb4 20. Bh6 Kf7 21. Be3 Nc4 22. Rab1 a5 23. Rhc1 1/2-1/2

[Event "EU-ch U16 Girls"]
[Site "Bratislava"]
[Date "2019.08.05"]
[Round "4"]
[White "Lazarova, Jovana"]
[Black "Machovcakova, Eliska"]
[Result "1-0"]
[WhiteElo "1108"]
[BlackElo "1638"]
[PlyCount "77"]
[EventDate "2019.08.02"]
[EventType "swiss"]
[EventRounds "9"]
[EventCountry "SVK"]
[SourceTitle "CBM 191 Extra"]
[Source "ChessBase"]
[SourceDate "2019.09.30"]
[SourceVersion "1"]
[SourceVersionDate "2019.09.30"]
[SourceQuality "1"]

1. e4 c6 2. d4 d5 3. Nd2 dxe4 4. Nxe4 Nf6 5. Ng3 h5 6. h4 Bg4 7. Be2 Bxe2 8. N1xe2 Nbd7 9. Qd3 Qb6 10. Qb3 e6 11. Bd2 0-0-0 12. Qxb6 Nxb6 13. Ba5 Rd7 14. Bxb6 axb6 15. 0-0 Be7 16. a4 Nd5 17. c4 Nb4 18. a5 bxa5 19. Rxa5 Kc7 20. Nxh5 g6 21. Nhg3 Bxh4 22. Ne4 Na6 23. Rb1 Be7 24. c5 Rh4 25. Nd2 Rd8 26. Nf3 Rh7 27. b4 Rdh8 28. Ng3 Ra8 29. b5 cxb5 30. Rbxb5 Bh4 31. Ne4 Rah8 32. Nd6 Bd8 33. Rxb7+ Kc6 34. Rxa6+ Kd5 35. g3 g5 36. Nxf7 Rf8 37. Rd7+ Kc4 38. Rxd8 Rxd8 39. Nxd8 1-0

[Event "SVK-ch U16/20 Girls"]
[Site "Liptovsky Mikulas"]
[Date "2019.04.30"]
[Round "9"]
[White "Slaba, Andrea"]
[Black "Machovcakova, Eliska"]
[Result "1-0"]
[WhiteElo "1911"]
[BlackElo "1596"]
[PlyCount "111"]
[EventDate "2019.04.23"]
[EventType "swiss"]
[EventRounds "9"]
[EventCountry "SVK"]
[SourceTitle "CBM 190 Extra"]
[Source "ChessBase"]
[SourceDate "2019.07.15"]
[SourceVersion "1"]
[SourceVersionDate "2019.07.15"]
[SourceQuality "1"]

1. Nf3 Nf6 2. c4 e6 3. Nc3 c5 4. d4 b6 5. g3 Bb7 6. Bg2 cxd4 7. Qxd4 Nc6 8. Qf4 a6 9. 0-0 d6 10. Rd1 Be7 11. b3 0-0 12. Ba3 Ne8 13. Ne4 d5 14. cxd5 exd5 15. Bxe7 Nxe7 16. Nc3 Qc7 17. Qxc7 Nxc7 18. Na4 b5 19. Nc5 Bc8 20. Ne5 Ne6 21. Ncd7 Bxd7 22. Nxd7 Rfd8 23. Nb6 Ra7 24. Nxd5 Nxd5 25. Rxd5 Rxd5 26. Bxd5 Nd4 27. e3 Ne2+ 28. Kf1 Nc3 29. Bf3 f6 30. a3 a5 31. Ke1 Rd7 32. Rc1 b4 33. axb4 axb4 34. Be2 Kf8 35. Ra1 Ke7 36. Ra6 Rb7 37. Bf3 Rb8 38. Ra7+ Kf8 39. Ra8 Rxa8 40. Bxa8 Ke7 41. Kd2 Kd6 42. f4 Kc5 43. Kd3 Na2 44. Bf3 Nc1+ 45. Kc2 Na2 46. Be4 h6 47. Kd2 Nc3 48. Bd3 Kd5 49. Bf1 Ne4+ 50. Kd3 Nf2+ 51. Ke2 Ne4 52. Bg2 f5 53. Kd3 g6 54. g4 h5 55. gxh5 gxh5 56. h4 1-0

[Event "SVK-ch U16/20 Girls"]
[Site "Liptovsky Mikulas"]
[Date "2019.04.26"]
[Round "5"]
[White "Machovcakova, Eliska"]
[Black "Bidulska, Lenka"]
[Result "1/2-1/2"]
[WhiteElo "1596"]
[BlackElo "1463"]
[PlyCount "31"]
[EventDate "2019.04.23"]
[EventType "swiss"]
[EventRounds "9"]
[EventCountry "SVK"]
[SourceTitle "CBM 190 Extra"]
[Source "ChessBase"]
[SourceDate "2019.07.15"]
[SourceVersion "1"]
[SourceVersionDate "2019.07.15"]
[SourceQuality "1"]

1. d4 Nf6 2. Nf3 g6 3. Bf4 Bg7 4. e3 d6 5. Be2 0-0 6. 0-0 Re8 7. c4 c6 8. Nc3 Nbd7 9. h3 Nb6 10. c5 Nbd5 11. Qb3 Nxf4 12. exf4 Bh6 13. Ng5 d5 14. Rfe1 Qc7 15. Nf3 Bxf4 16. Bf1 1/2-1/2

[Event "SVK-ch U14 Girls"]
[Site "Liptovsky Mikulas"]
[Date "2018.04.24"]
[Round "6"]
[White "Datelova, Daniela"]
[Black "Machovcakova, Eliska"]
[Result "1-0"]
[WhiteElo "1419"]
[BlackElo "1491"]
[PlyCount "71"]
[EventDate "2018.04.21"]
[EventType "swiss"]
[EventRounds "9"]
[EventCountry "SVK"]
[SourceTitle "CBM 184 Extra"]
[Source "ChessBase"]
[SourceDate "2018.06.28"]
[SourceVersion "1"]
[SourceVersionDate "2018.06.28"]
[SourceQuality "1"]

1. Nf3 d5 2. c4 c6 3. e3 Bf5 4. b3 Nf6 5. Bb2 Nbd7 6. Be2 e6 7. 0-0 Be7 8. d4 h6 9. Nbd2 0-0 10. Rc1 Rc8 11. h3 Bd6 12. Ne5 Qe7 13. Ndf3 Ne4 14. Bd3 Ndf6 15. Qe2 Bb4 16. c5 Ba5 17. a3 Bc7 18. Nd2 Rfe8 19. Nxe4 dxe4 20. Bc2 Bxe5 21. dxe5 Nd5 22. Bd4 Red8 23. Rcd1 Qg5 24. Kh2 b6 25. b4 Rd7 26. Bb3 Rcd8 27. Bxd5 Rxd5 28. cxb6 axb6 29. Bxb6 Rxd1 30. Rxd1 Rxd1 31. Qxd1 Qh4 32. Qd8+ Qxd8 33. Bxd8 Kf8 34. Bc7 Ke8 35. Bd6 g6 36. g4 1-0

[Event "SVK-ch U14 Girls"]
[Site "Liptovsky Mikulas"]
[Date "2018.04.24"]
[Round "5"]
[White "Machovcakova, Eliska"]
[Black "Sosovickova, Jana"]
[Result "1/2-1/2"]
[WhiteElo "1491"]
[BlackElo "1512"]
[PlyCount "43"]
[EventDate "2018.04.21"]
[EventType "swiss"]
[EventRounds "9"]
[EventCountry "SVK"]
[SourceTitle "CBM 184 Extra"]
[Source "ChessBase"]
[SourceDate "2018.06.28"]
[SourceVersion "1"]
[SourceVersionDate "2018.06.28"]
[SourceQuality "1"]

1. d4 d5 2. Bf4 Bf5 3. e3 e6 4. Bd3 Bg6 5. Nf3 Bd6 6. Bg3 Nd7 7. 0-0 Bxg3 8. hxg3 Ngf6 9. Qe2 Bxd3 10. Qxd3 0-0 11. c4 c6 12. Nc3 Re8 13. cxd5 cxd5 14. Rac1 Rc8 15. Nb5 Qb6 16. Qe2 a6 17. Nc3 Rc6 18. Rc2 Rec8 19. Rfc1 Qc7 20. Ne1 Qd6 21. Nd3 h6 22. Qe1 1/2-1/2

[Event "SVK-ch U14 Girls"]
[Site "Liptovsky Mikulas"]
[Date "2018.04.22"]
[Round "2"]
[White "Machovcakova, Eliska"]
[Black "Simonova, Stela"]
[Result "1/2-1/2"]
[WhiteElo "1491"]
[BlackElo "1809"]
[PlyCount "37"]
[EventDate "2018.04.21"]
[EventType "swiss"]
[EventRounds "9"]
[EventCountry "SVK"]
[SourceTitle "CBM 184 Extra"]
[Source "ChessBase"]
[SourceDate "2018.06.28"]
[SourceVersion "1"]
[SourceVersionDate "2018.06.28"]
[SourceQuality "1"]

1. d4 Nf6 2. Nf3 e6 3. Bf4 d5 4. e3 c5 5. c3 Nc6 6. Bd3 Nh5 7. Bg5 f6 8. Bh4 g6 9. Nbd2 Ng7 10. Qe2 Be7 11. Bg3 0-0 12. h3 cxd4 13. cxd4 Bd6 14. Bxd6 Qxd6 15. 0-0 e5 16. dxe5 fxe5 17. Bc2 Qf6 18. Bb3 Ne7 19. Ne4 1/2-1/2

[Event "SVK-ch U14 Girls"]
[Site "Liptovsky Mikulas"]
[Date "2018.04.22"]
[Round "3"]
[White "Subjakova, Kristina"]
[Black "Machovcakova, Eliska"]
[Result "1-0"]
[WhiteElo "1511"]
[BlackElo "1491"]
[PlyCount "69"]
[EventDate "2018.04.21"]
[EventType "swiss"]
[EventRounds "9"]
[EventCountry "SVK"]
[SourceTitle "CBM 184 Extra"]
[Source "ChessBase"]
[SourceDate "2018.06.28"]
[SourceVersion "1"]
[SourceVersionDate "2018.06.28"]
[SourceQuality "1"]

1. e4 d5 2. exd5 Qxd5 3. Nc3 Qa5 4. d4 c6 5. Nf3 Nf6 6. Be2 Bf5 7. Bf4 e6 8. 0-0 Be7 9. a3 0-0 10. b4 Qd8 11. h3 h6 12. Na4 Nbd7 13. c4 Re8 14. Nc3 Nf8 15. b5 Rc8 16. Qa4 Qd7 17. c5 Ng6 18. Bh2 Nd5 19. Nxd5 exd5 20. Rfe1 Ra8 21. g4 Be6 22. Bd3 Bf6 23. Bxg6 fxg6 24. bxc6 bxc6 25. Ne5 Bxe5 26. Bxe5 Rf8 27. Re3 Rf7 28. Rf1 Raf8 29. Qc2 g5 30. Qg6 Re8 31. f4 gxf4 32. Rxf4 Rxf4 33. Bxf4 Kh8 34. Be5 Rg8 35. Qxh6# 1-0

[Event "SVK-ch U14 Girls"]
[Site "Liptovsky Mikulas"]
[Date "2017.04.25"]
[Round "5"]
[White "Gajdosova, Bernadeta"]
[Black "Machovcakova, Eliska"]
[Result "1/2-1/2"]
[WhiteElo "1399"]
[BlackElo "1427"]
[PlyCount "63"]
[EventDate "2017.04.22"]
[EventType "swiss"]
[EventRounds "9"]
[EventCountry "SVK"]
[SourceTitle "CBM 178 Extra"]
[Source "ChessBase"]
[SourceDate "2017.06.22"]
[SourceVersion "1"]
[SourceVersionDate "2017.06.22"]
[SourceQuality "1"]

1. e4 d5 2. exd5 Qxd5 3. Nf3 Nf6 4. Be2 Bf5 5. 0-0 e6 6. d4 Qd8 7. c4 c6 8. Nc3 Be7 9. h3 h6 10. Be3 0-0 11. Re1 Nbd7 12. Qd2 Qc7 13. Rad1 Ne4 14. Nxe4 Bxe4 15. Bf4 Bd6 16. Bxd6 Qxd6 17. Qe3 Nf6 18. Bd3 Bxd3 19. Qxd3 Rfd8 20. Qc3 Rac8 21. b4 b5 22. c5 Nd5 23. Qb3 Qc7 24. a3 a5 25. Re4 axb4 26. axb4 Ra8 27. Ne5 Ra4 28. Nd3 Rda8 29. Ree1 Ra3 30. Qc2 Ra2 31. Qc1 R8a4 32. Rd2 1/2-1/2